000 01689nam a2200469 i 4500
001 46206
003 ES-MaCES
005 20150812112836.0
008 150811s2015 sp | ||||o000 0|spa |
017 _aM 6462-2015
_bDL
020 _a9788473514453
020 _a9788473514460 (formato electrónico)
024 7 _a635-15-013-X
_2nipo
024 7 _a635-15-014-5 (formato electrónico)
_2nipo
040 _aES-MaCES
_bspa
_cES-MaCES
_erdc
041 1 _aspa
_hcat
100 1 _aLongo, Francisco
_916781
245 1 0 _aAdministración Pública con valores
_b: instrumentos para una gobernanza ética
_cFrancisco Longo, Adrià Albareda ; trad. de Gabriel Genesca
250 _a1ª ed
260 _aMadrid
_bInstituto Nacional de Administración Pública
_c2015
300 _a145 p.
_c24 cm
490 1 _aMonografías
500 _aTraducción de: Administració pública i valors
504 _aBibliografía: p. 127-141
541 0 _cGratuito
650 4 _aadministración pública
_927214
650 4 _asector público
_927150
650 4 _asistema de valores
_929392
650 4 _aética
_927324
650 4 _aresponsabilidad moral
_929390
650 4 _acódigo de conducta
_929864
650 0 4 _aEspaña
_926964
650 4 _ainternacional
_926674
653 _aAdministración-Instituciones públicas
700 1 _935893
_aAlbareda, Adrià
700 1 _935894
_aGenesca, Gabriel
_etr.
710 2 _94265
_aInstituto Nacional de Administración Pública (España)
_eed.
740 0 2 _aAdministració pública i valors
830 0 _934636
_aMonografías (Instituto Nacional de Administración Pública (España))
902 _aLIB Libro
942 _2CES
_cBK
_h6.3.
999 _c46206
_d46206